| 000 | 00000nas##2200000za#4500 |
| 001 | 9.500156 |
| 003 | CaOODSP |
| 005 | 20210305160054 |
| 007 | cr ||||||||||| |
| 008 | 150406c2002||||xxc|| m o||||f| |0fre|d |
| 040 | |aCaOODSP|bfre |
| 041 | |aeng |
| 041 | |afre |
| 043 | |an-cn--- |
| 086 | 1 |aYB372-PDF |
| 110 | 1 |aCanada. |bParlement. |bSénat. |
| 245 | 10|aProjets de loi du Sénat : |h[ressource électronique]|b2e session, 37e législature, 51 Élizabeth II, 2002 |
| 260 | |aOttawa - Ontario : |bSénat |
| 310 | |aIrrégulier |
| 362 | 1 |a2002 |
| 776 | 0#|tSenate of Canada bill : |w(CaOODSP)9.510778 |
| 791 | |tBills of the Senate : |eeng|w(CaOODSP)9.500155 |